Football Player by Picture (Premier League) - Statistics

General Stats
  • This quiz has been taken 27 times
  • The average score is 18 of 30
Answer Stats
Picture Answer % Correct
Dele Alli
92%
Tim Howard
92%
Carlos Tevez
88%
Jamie Vardy
88%
John McGinn
88%
Xherdan Shaqiri
88%
Kaoru Mitoma
83%
Dimitri Payet
79%
Edouard Mendy
79%
Michael Ballack
79%
Mousa Dembélé
75%
Romelu Lukaku
75%
James Ward-Prowse
71%
Rico Lewis
71%
Fabian Delph
63%
Levi Colwill
63%
Marcos Rojo
63%
Hatem Ben Arfa
54%
Rio Ngumoha
54%
Andy Carroll
46%
Leighton Baines
46%
Adnan Januzaj
42%
Joey Barton
42%
Gerard Deulofeu
38%
Francis Coquelin
33%
Mathieu Flamini
29%
Salomon Kalou
29%
John Carew
13%
Jonathan de Guzman
13%
Roman Pavlyuchenko
8%
No matching quizzes found
Score Distribution
Percent of People with Each Score
Percentile by Number Answered
Your Score History
You have not taken this quiz